00382nam a22000857a 4500008004100000040005500041245014200096260004400238300001400282230707b |||||||| |||| 00| 0 eng d aNational Science LibrarycNational Science Library aAdvanced digital processing techniques, signal analysis industries corporationc/ Rome Air Development Center Griffiss Air Force May 1970 aUS: bUS Department of Commerce, c1970 avi, 104p.